Music Quiz

Random Music or Clip Quiz

Guns N' Roses Riff Challenge Quiz Stats

Quiz not verified by Sporcle

Challenge
Share
Tweet
Score 0/20 Timer 08:00
0 Plays Today
Time Interval Song % Correct
0:00 - 0:10Welcome to the Jungle
99.5%
0:40 - 0:50Paradise City
96.5%
1:40 - 1:50Sweet Child o' Mine
95.5%
1:10 - 1:20November Rain
94.6%
0:30 - 0:40Live and Let Die
91.5%
3:00 - 3:10Knockin' on Heaven's Door
87%
1:00 - 1:10Patience
86.1%
1:50 - 2:00Mr. Brownstone
84.9%
0:20 - 0:30You Could Be Mine
78.5%
2:40 - 2:50My Michelle
71.9%
Time Interval Song % Correct
3:10 - 3:20Rocket Queen
70.5%
0:10 - 0:20Out ta Get Me
64.9%
0:50 - 1:00You're Crazy
59.9%
2:00 - 2:10Used to Love Her
59.2%
2:30 - 2:40Coma
51.9%
2:10 - 2:20Dust N' Bones
45.5%
1:30 - 1:40Don't Damn Me
42.2%
2:20 - 2:30Chinese Democracy
41.7%
1:20 - 1:30Locomotive
34.9%
2:50 - 3:00Double Talkin' Jive
34.4%

You're not logged in!

Compare scores with friends on all Sporcle quizzes.
Sign Up with Email
OR
Log In

You Might Also Like...

Show Comments

Extras

Top Quizzes Today


Score Distribution

Your Account Isn't Verified!

In order to create a playlist on Sporcle, you need to verify the email address you used during registration. Go to your Sporcle Settings to finish the process.

Report this User

Report this user for behavior that violates our Community Guidelines.

Details: